Lieková politika a farmaekonomika v SR bakalárska práca

Guardado en:
Detalles Bibliográficos
Autor principal: Kopriva, Marek
Autor Corporativo: Národohospodárska fakulta EU. Katedra sociálneho rozvoja a práce
Otros Autores: Pechová, Michaela, 1977-
Formato: Libro
Lenguaje:eslovaco
Publicado: Bratislava 2010
Etiquetas: Agregar Etiqueta
Sin Etiquetas, Sea el primero en etiquetar este registro!

MARC

LEADER 00000nam$a2200000$$$4500
001 0129099
005 20240320074218.1
041 0 |a slo 
044 |a SK 
245 1 0 |a Lieková politika a farmaekonomika v SR  |b bakalárska práca  |c Marek Kopriva ; škol. Michaela Pechová 
264 1 |a Bratislava  |c 2010 
300 |a 49 s. 
100 1 |a Kopriva, Marek 
700 1 |a Pechová, Michaela, 1977- 
710 2 |a Národohospodárska fakulta EU. Katedra sociálneho rozvoja a práce